Разработать научные основы комплексного использования торфа в народном хозяйстве (термохимическое направление); Изучить влияние предварительной термической обработки торфа на состав и свойства восков: Промежуточный отчет по НИР; Проблема IX; Тема г/б 15

Bibliographische Detailangaben
Körperschaft: Томский политехнический институт (ТПИ) (595)
Weitere Verfasser: Смольянинов С. И. (руководитель), Маслов С. Г. (исполнитель)
Sprache:Russisch
Veröffentlicht: Томск, 1982
Schlagworte:
Format: MixedMaterials Buch
KOHA link:https://koha.lib.tpu.ru/cgi-bin/koha/opac-detail.pl?biblionumber=158058

MARC

LEADER 00000nbm0a2200000 4500
001 158058
005 20231031154226.0
029 0 0 |a SU  |b 01820073265  |f ТПУ 
035 |a (RuTPU)RU\TPU\book\171437 
035 |a RU\TPU\book\170497 
090 |a 158058 
100 |a 20090417d1982 k y0rusy50 ca 
101 0 |a rus 
102 |a RU 
105 |a a p 001zy 
200 1 |a Разработать научные основы комплексного использования торфа в народном хозяйстве (термохимическое направление)  |a Изучить влияние предварительной термической обработки торфа на состав и свойства восков  |e Промежуточный отчет по НИР  |e Проблема IX  |e Тема г/б 15  |f Томский политехнический институт (ТПИ) ; руководитель С. И. Смольянинов ; С. Г. Маслов 
210 |a Томск  |d 1982 
215 |a 50 л. 
320 |a Библиогр.: с. 43-44. 
610 1 |a отчеты о НИР 
610 1 |a торф 
610 1 |a гранулирование 
610 1 |a термообработка 
610 1 |a воск 
610 1 |a скорость экстрации 
610 1 |a коэффициент извлечения 
610 1 |a коэффициент фильтрации 
675 |a 665.1(04)  |v 3 
702 1 |a Смольянинов  |b С. И.  |4 673 
702 1 |a Маслов  |b С. Г.  |4 677 
712 0 2 |a Томский политехнический институт (ТПИ)  |c (1944-1991)  |2 stltpush  |3 (RuTPU)RU\TPU\col\1123  |4 595 
801 1 |a RU  |b 63413507  |c 20090205  |g PSBO 
801 2 |a RU  |b 63413507  |c 20090417  |g PSBO 
942 |c BK